000
00292nam a2200121 a 4500
005
20140414131908.0
008
101006s19uu xx 00 eng d
050
_a
ER
_b
Sk9 1984
100
_a
Asch, Frank
245
_a
Skyfire.
260
_a
New York :
_b
Scholastic ,
_c
1984.
999
_c
111045
_d
111045